Tanügi kinevezések

Správa o tom, že štátna obecná škola v Michalovciach po reorganizácii v januári roku 1901 prijala do svojich radov dve učiteľky: Elenu (Ilona) Bolvári z Magyaróváru a Kamilu Roediger.

Bibliographic Details
Format: Article
Language:Hungarian
Subjects:
Source: 1. Felsőmagyarországi Hirlap : Politikai ujság 1. Roč. 4, č. 6 (19.01.1901) s. 2
LEADER 01177nab#a2200325#ar4500
001 000074889
003 SVKKK
005 20050607xxxxxxx.
008 06 c xo huno
FMT
038 |a SVKKK 
040 |a SVKKK  |b slo  |e AACR2 
041 0 |a hun 
044 |a xo  |c SK 
080 |a 371.213 
242 1 0 |a Školské menovania 
245 0 0 |a Tanügi kinevezések 
500 |a mikrofilm 
520 2 |a Správa o tom, že štátna obecná škola v Michalovciach po reorganizácii v januári roku 1901 prijala do svojich radov dve učiteľky: Elenu (Ilona) Bolvári z Magyaróváru a Kamilu Roediger. 
650 0 4 |a zbor učiteľský - štátna obecná škola, Michalovce - Bolvári, Elena (učiteľka) - Magyaróvár (A) - pôsobenie ukončené - Michalovce - nástup - Roediger, Kamila (učiteľka) - vymenovanie úradné - január 1901 - správy 
773 0 |t Felsőmagyarországi Hirlap : Politikai ujság  |g Roč. 4, č. 6 (19.01.1901) s. 2 
957 |a Magyaróvár 
957 |a Magyaróvár pozri Mosonmagyaróvár 
957 |a Michalovce 
958 |a DG 
958 |a SK 
974 |a Ba  |d 20050607 
992 |a RBX 
BAS
998 |a RETRO